[Event "Reykjavik Open 2026"]
[Site "Reykjavik"]
[Date "2026.03.28"]
[Round "5.51"]
[White "Hanisch, Sebastian"]
[Black "Spitzl, Vinzent"]
[Result "0-1"]
[WhiteElo "1984"]
[WhiteFideId "24668150"]
[BlackElo "2356"]
[BlackFideId "12901253"]
[Variant "Standard"]

1. d4 (1. f4) 1... Nf6 2. Nf3 g6 3. Bg5 Ne4 4. Bf4 c5 5. dxc5 Bg7 6. c3 Na6 7. Nbd2 Naxc5 8. Nxe4 Nxe4 9. Nd2 Nc5 10. Nb3 Ne6 11. Bg3 d6 12. e4 a5 13. a4 Bd7 14. Bd3 O-O 15. O-O Bc6 16. f4 b6 17. Qe2 Qd7 18. Bb5 Bxb5 19. axb5 a4 20. Nd2 a3 21. Rxa3 Rxa3 22. bxa3 Bxc3 23. Nb3 Nd4 24. Nxd4 Bxd4+ 25. Bf2 Bxf2+ 26. Rxf2 Ra8 27. Qf3 Qc7 28. Qe2 Qc5 29. Kh1 Ra7 30. e5 Ra5 31. exd6 exd6 32. h4 Rxb5 33. Qf3 Qf5 34. Qa8+ Kg7 35. Kh2 Qf6 36. Qc8 Rb3 37. Qd8 Rb5 38. Qxf6+ Kxf6 39. g4 h5 40. Kg3 d5 41. f5 Ke5 42. fxg6 fxg6 43. Re2+ Kd6 44. g5 d4 45. Rf2 Re5 46. Kf3 Re6 47. Rb2 d3 0-1

[Event "Reykjavik Open 2026"]
[Site "Reykjavik"]
[Date "2026.03.28"]
[Round "5.60"]
[White "Karlinder, Lovis Neo"]
[Black "Bombek, Peter"]
[Result "½-½"]
[WhiteElo "1903"]
[WhiteFideId "34664785"]
[BlackElo "2112"]
[BlackFideId "14902230"]
[Variant "Standard"]

1. e4 e6 2. d4 d5 3. exd5 exd5 4. Nf3 Bd6 5. c4 Nf6 6. c5 Be7 7. Bd3 O-O 8. O-O b6 9. Be3 Bg4 10. Nbd2 bxc5 11. dxc5 Nbd7 12. Qc2 c6 13. b4 Qc7 14. a4 a5 15. b5 cxb5 16. c6 Ne5 17. Nxe5 Qxe5 18. Bxb5 Bd6 19. g3 d4 20. Bf4 Qe7 21. Rfe1 Be6 22. Bxd6 Qxd6 23. Nc4 Qc5 ½-½

[Event "Reykjavik Open 2026"]
[Site "Reykjavik"]
[Date "2026.03.28"]
[Round "5.91"]
[White "Zuiderweg, Edwin"]
[Black "Vemparala, Nikash"]
[Result "0.5-0.5"]
[WhiteElo "1977"]
[WhiteFideId "1012207"]
[BlackElo "2201"]
[BlackFideId "30960967"]
[Variant "Standard"]

1. e4 e5 2. Nf3 Nc6 3. d4 exd4 4. Nxd4 Nf6 5. Nxc6 bxc6 6. e5 Qe7 7. Qe2 Nd5 8. c4 Ba6 9. b3 g6 10. f4 d6 11. Qf2 Nf6 12. Be2 dxe5 13. O-O O-O-O 14. Ba3 c5 15. fxe5 Ne4 16. Bg4+ Kb8 17. Qe2 Qxe5 18. Bb2 Rd4 19. Nd2 Bd6 20. Nf3 Qf4 21. Bc1 Qxg4 22. Nxd4 Bxh2+ 23. Kxh2 Qh4+ 24. Kg1 Ng3 25. Nc6+ Kb7 26. Qe5 f6 27. Na5+ Kb8 28. Qe1 Qh1+ 29. Kf2 Nxf1 30. Qxf1 Qh4+ 31. g3 Qd4+ 32. Be3 Qb2+ 33. Kg1 Re8 34. Bxc5 Qc3 35. b4 Qxg3+ 36. Qg2 Re1+ 37. Rxe1 Qxe1+ 38. Kh2 Qh4+ 39. Kg1 Qe1+ 40. Kh2 Qh4+ 41. Kg1 0.5-0.5

[Event "Reykjavik Open 2026"]
[Site "Reykjavik"]
[Date "2026.03.28"]
[Round "5.100"]
[White "Bartlett, Aiden Emerson"]
[Black "Walshaw, David"]
[Result "1-0"]
[WhiteElo "1919"]
[WhiteFideId "39922405"]
[BlackElo "1717"]
[BlackFideId "422967"]
[Variant "Standard"]

1. Nf3 g6 2. d4 Bg7 3. e4 c5 4. c4 cxd4 5. Nxd4 Nc6 6. Be3 d6 7. Nc3 Nf6 8. Be2 O-O 9. O-O Bd7 10. Rc1 a6 11. b3 Rc8 12. f3 Qa5 13. Qd2 Rfe8 14. Rfd1 Rc7 15. Nd5 Qxd2 16. Rxd2 Rcc8 17. Nb6 Rcd8 18. Nc2 Be6 19. Ne1 Nd7 20. Nd5 Rc8 21. Nf4 Nf8 22. Kf2 Bd7 23. Nd5 Be6 24. Nb6 Rcd8 25. Rcd1 Nb4 26. a3 Nc6 27. Nd3 Nd4 28. Rb1 Nxe2 29. Kxe2 f5 30. Nf4 fxe4 31. fxe4 Bf7 32. Nbd5 Rd7 33. Kd3 Ne6 34. Nxe6 Bxe6 35. Rf1 Bf7 36. Rdf2 Rf8 37. Bg5 e6 38. Ne7+ Kh8 39. Rxf7 Re8 40. Rxg7 (40. Nxg6+) 1-0

[Event "Reykjavik Open 2026"]
[Site "Reykjavik"]
[Date "2026.03.28"]
[Round "5.160"]
[White "Niori, Nona"]
[Black "Banta, Robert Lance"]
[Result "½-½"]
[WhiteElo "1421"]
[WhiteFideId "7006527"]
[BlackElo "1724"]
[BlackFideId "39908682"]
[Variant "Standard"]

1. d4 Nf6 2. Nc3 d5 3. Bf4 a6 4. e3 Bf5 5. Nf3 e6 6. Ne5 Nbd7 7. g4 Bg6 8. h4 h6 9. Nxg6 fxg6 10. Bd3 Kf7 11. Qf3 Bd6 12. Bxd6 cxd6 13. O-O-O Ke7 14. Bxg6 Rf8 15. Qg2 b5 16. g5 Ng8 17. Rh3 Nb6 18. Rf3 Rxf3 19. Qxf3 Qf8 20. Qxf8+ Rxf8 21. f4 Kd7 22. b3 Ne7 23. Bd3 hxg5 24. hxg5 Rh8 25. a3 Rh3 26. Re1 Nf5 27. Kd2 Nh4 28. Bf1 Nf3+ 29. Kc1 Rh1 30. Rd1 Rh2 31. Nb1 Nc8 32. Nd2 Nh4 33. Re1 Ne7 34. Bd3 Nef5 35. Bxf5 Nxf5 36. Nf1 Rh1 37. Kd2 Rh3 38. Kc3 Kc6 ½-½

[Event "Reykjavik Open 2026"]
[Site "Reykjavik"]
[Date "2026.03.28"]
[Round "5.175"]
[White "Akason, Aevar"]
[Black "Gautier, Marc"]
[Result "*"]
[WhiteElo "1557"]
[WhiteFideId "2307090"]
[BlackElo "1811"]
[BlackFideId "20690657"]
[Variant "Standard"]

1. d4 d5 2. c4 c6 3. cxd5 cxd5 4. Nf3 Nf6 5. Nc3 Nc6 6. a3 a6 7. e3 e6 8. b4 b5 9. Qc2 Bb7 10. Bd3 Rc8 11. Bb2 Be7 12. O-O O-O 13. Qe2 g6 14. Rab1 Nd7 15. e4 Nb6 16. exd5 exd5 17. a4 Bxb4 18. axb5 axb5 19. Nxb5 Ba6 20. Ba1 Re8 21. Qb2 Bf8 22. Ne5 Nb4 23. Qd2 Nxd3 24. Qxd3 Na8 25. Qf3 f6 26. Ng4 Bg7 27. Rfd1 Qd7 28. Nc3 Rxc3 29. Bxc3 Be2 30. Nxf6+ Bxf6 31. Qxf6 Bxd1 32. Rxd1 Re6 33. Qf3 Re4 34. Bb4 Qe8 35. Qb3 Nb6 36. Ba5 Nc4 37. h3 Nxa5 38. Qxd5+ Kg7 39. Qxa5 Qd7 40. Qc5 Qa4 41. Rd3 Qa1+ 42. Kh2 Qa2 43. Re3 Rf4 44. Qe5+ Rf6 45. Rf3 Qf7 46. g4 h6 47. h4 Qe6 48. Kg3 Qxe5+ 49. dxe5 Re6 50. Kf4 Ra6 51. Re3 Kf7 52. h5 Ra4+ 53. Re4 g5+ 54. Kf5 Ra2 55. e6+ Ke7 56. f3 Ra3 57. Kg6 Rxf3 58. Kxh6 Rf4 59. Re2 Rxg4 60. Re5 Rg1 61. Rxg5 Re1 62. Rg6 Re5 63. Rg5 Rxe6+ 64. Kg7 Ke8 65. h6 Re7+ 66. Kh8 Rf7 67. h7 Kf8 (67... Rf8+ 68. Rg8) 68. Rg8+ Ke7 69. Ra8 Rf2 70. Ra6 *

[Event "Reykjavik Open 2026"]
[Site "Reykjavik"]
[Date "2026.03.28"]
[Round "5.176"]
[White "Jamil, Emil Jacobsen"]
[Black "Sankrithi, Vivaan Krishna"]
[Result "0.5-0.5"]
[WhiteElo "1769"]
[WhiteFideId "7204183"]
[BlackElo "1503"]
[BlackFideId "39949419"]
[Variant "Standard"]

1. c4 e6 2. g3 Nf6 3. Bg2 d5 4. Nf3 c5 5. cxd5 exd5 6. d4 Nc6 7. Bg5 c4 8. O-O Be6 9. Nc3 Be7 10. Qc2 O-O 11. Rad1 h6 12. Bf4 b6 13. Rfe1 Qc8 14. e4 Nb4 15. Qd2 dxe4 16. Nxe4 Bf5 17. Nd6 Bxd6 18. Bxd6 Nd3 19. Bxf8 Nxe1 20. Rxe1 Qxf8 21. Ne5 Rc8 22. d5 Kh7 23. d6 Rd8 24. Nxc4 b5 25. Na3 Rxd6 26. Qa5 a6 27. Nb1 Bxb1 28. Rxb1 Qe8 29. Bf1 Qe5 30. b3 Ng4 31. Re1 Qd4 32. Re2 Re6 33. Rd2 Qc5 34. h3 Ne5 35. Bg2 Qc1+ 36. Kh2 Rf6 37. Be4+ g6 38. Qd8 Rf5 39. Kg2 Rh5 40. Qd4 Qc8 41. h4 Qe6 42. Bd5 Qc8 43. Re2 Nc6 44. Qc5 Qd8 45. Qxc6 Qxd5+ 0.5-0.5